Richard II / (Record no. 287969)
[ view plain ]
| 000 -LEADER | |
|---|---|
| fixed length control field | 00396nam a2200133Ia 4500 |
| 008 - FIXED-LENGTH DATA ELEMENTS--GENERAL INFORMATION | |
| fixed length control field | 150610s9999 xx 000 0 und d |
| 020 ## - INTERNATIONAL STANDARD BOOK NUMBER | |
| International Standard Book Number | 185326055X |
| 050 ## - LIBRARY OF CONGRESS CALL NUMBER | |
| Classification number | PR 2821 |
| Item number | .A1 1993 |
| 245 ## - TITLE STATEMENT | |
| Title | Richard II / |
| Statement of responsibility, etc | William Shakespeare. |
| 260 ## - PUBLICATION, DISTRIBUTION, ETC. (IMPRINT) | |
| Place of publication, distribution, etc | Hertfordshire : |
| Name of publisher, distributor, etc | Wordsworth Editions, |
| Date of publication, distribution, etc | 1993. |
| 300 ## - PHYSICAL DESCRIPTION | |
| Extent | 161pages ; |
| Dimensions | 18 cm. |
| 440 ## - SERIES STATEMENT/ADDED ENTRY--TITLE | |
| Title | Wordsworth classics |
| 504 ## - BIBLIOGRAPHY, ETC. NOTE | |
| Bibliography, etc | Includes glossary. |
| Withdrawn status | Lost status | Damaged status | Home library | Current library | Shelving location | Date acquired | Total Checkouts | Full call number | Barcode | Date last seen | Price effective from | Koha item type |
|---|---|---|---|---|---|---|---|---|---|---|---|---|
| Stonyhurst Southville International School (Batangas) | Stonyhurst Southville International School (Batangas) | High School Section | 06/10/2015 | PR 2821 .A1 1993 | US-2078 | 06/10/2015 | 06/10/2015 | Books |